000 00500 a2200169 4500
999 _c3227
_d3227
020 _a9780230368156
050 _aJF51 HAG 2013
100 _aHague, Rod
245 _aComparative government and politics:
_bAn Introduction /
_cRod Hague and Martin Harrop
250 _a9th ed.
264 _aHoundmills
_bPalgrave
_c2013
300 _a4004p.,
500 _aComparative government
650 _aComparative government and politics
700 _aHarrop, Martin
942 _2olc
_cBK
_e9th ed.
_h51
_iHAG
_kJF